[Event "Kuala Lumpur Merdeka rapid op"]
[Site "Kuala Lumpur"]
[Date "2019.09.01"]
[Round "3"]
[White "Shamsuddin, Salehuddin"]
[Black "Zulkarnain, Mohd Diya"]
[Result "1/2-1/2"]
[WhiteElo "1608"]
[BlackElo "1863"]
[PlyCount "109"]
[EventDate "2019.09.01"]
[EventType "swiss (rapid)"]
[EventRounds "7"]
[EventCountry "MAS"]
[SourceTitle "EXT 2020"]
[Source "ChessBase"]
[SourceDate "2019.10.17"]
[SourceVersion "1"]
[SourceVersionDate "2019.10.17"]
[SourceQuality "1"]

1. e4 e6 2. Nf3 c6 3. Bc4 d5 4. exd5 exd5 5. Qe2+ Be7 6. Bb3 Nf6 7. 0-0 0-0 8. d4 h6 9. Bf4 Bg4 10. h3 Bh5 11. Nbd2 Na6 12. c3 Re8 13. Rae1 Bd6 14. Be5 Qc7 15. Bxd6 Qxd6 16. Qd1 b5 17. Rxe8+ Rxe8 18. Re1 Nc7 19. Rxe8+ Ncxe8 20. Qe1 Nc7 21. Bc2 Bxf3 22. Nxf3 Ne6 23. Qe5 Qxe5 24. Nxe5 c5 25. dxc5 Nxc5 26. Kf1 Kf8 27. Ke2 Nfd7 28. Nxd7+ Nxd7 29. a4 bxa4 30. Bxa4 Nb6 31. Bb5 Ke7 32. Kd3 Kd6 33. f4 a5 34. h4 Kc5 35. Ba6 Nd7 36. Bc8 Nf6 37. g4 Ne4 38. g5 f6 39. Bb7 fxg5 40. hxg5 hxg5 41. fxg5 Nxg5 42. b4+ axb4 43. cxb4+ Kd6 44. Bc8 Ne4 45. Kd4 g5 46. Bf5 Nf6 47. b5 g4 48. Bd3 g3 49. Bf1 Nd7 50. Bg2 Nb6 51. Bh1 Na8 52. Bxd5 Nc7 53. Bh1 Nxb5+ 54. Ke4 Nc3+ 55. Kf3 1/2-1/2

[Event "Kuala Lumpur Merdeka rapid op"]
[Site "Kuala Lumpur"]
[Date "2019.09.01"]
[Round "4"]
[White "Yusof, Kamaluddin"]
[Black "Shamsuddin, Salehuddin"]
[Result "1-0"]
[WhiteElo "1985"]
[BlackElo "1608"]
[PlyCount "37"]
[EventDate "2019.09.01"]
[EventType "swiss (rapid)"]
[EventRounds "7"]
[EventCountry "MAS"]
[SourceTitle "EXT 2020"]
[Source "ChessBase"]
[SourceDate "2019.10.17"]
[SourceVersion "1"]
[SourceVersionDate "2019.10.17"]
[SourceQuality "1"]

1. c4 Nf6 2. g3 c6 3. Bg2 d5 4. b3 g6 5. Bb2 Bg7 6. Nf3 0-0 7. 0-0 Bg4 8. Ne5 Bf5 9. d4 Qc8 10. cxd5 cxd5 11. Nc3 Nfd7 12. Nxd5 Bf6 13. Rc1 Nc6 14. e4 Be6 15. Nxd7 Bxd7 16. Nxf6+ exf6 17. d5 Bh3 18. dxc6 bxc6 19. Qd4 1-0

[Event "UTP Team-chT"]
[Site "Seri Iskandar"]
[Date "2017.09.23"]
[Round "2.3"]
[White "Shamsuddin, Salehuddin"]
[Black "Chan, Sheng Yip"]
[Result "0-1"]
[WhiteElo "1555"]
[BlackElo "1927"]
[PlyCount "68"]
[EventDate "2017.09.23"]
[EventType "team-swiss"]
[EventRounds "7"]
[EventCountry "MAS"]
[SourceTitle "EXT 2019"]
[Source "ChessBase"]
[SourceDate "2018.10.10"]
[SourceVersion "1"]
[SourceVersionDate "2018.10.10"]
[SourceQuality "1"]

1. b3 e5 2. Bb2 Nc6 3. e4 Nf6 4. Nc3 Bc5 5. Be2 0-0 6. Nf3 Re8 7. 0-0 d5 8. exd5 Nxd5 9. Nxd5 Qxd5 10. d3 Bf5 11. Qc1 h6 12. a3 a5 13. Bc3 Kh8 14. Qb2 Nd4 15. Bxd4 exd4 16. Rfe1 Re7 17. Bf1 Rae8 18. Rxe7 Rxe7 19. b4 axb4 20. axb4 Bb6 21. Re1 Rxe1 22. Nxe1 Qb5 23. c4 dxc3 24. Qxc3 c5 25. Qe5 Be6 26. Qb8+ Kh7 27. Qxb7 cxb4 28. Qe4+ Bf5 29. Qc4 Qc5 30. d4 Qxc4 31. Bxc4 Bxd4 32. Nd3 b3 33. h4 b2 34. Nxb2 Bxb2 0-1